MARC

LEADER 00000nam0a2200000 4500
001 344233
005 20231102005637.0
035 |a (RuTPU)RU\TPU\book\375543 
090 |a 344233 
100 |a 20200116d1992 m y0rusy50 ca 
101 1 |a rus  |c eng 
102 |a RU 
105 |a y z 000ay 
200 1 |a Прерия  |e роман  |e пер. с англ.  |f Дж. Ф. Купер  |g пер. Н. Вольпина 
210 |a Пермь  |c Капик  |d 1992 
215 |a 364 с. 
225 1 |a Библиотека приключений 
606 1 |a Американская литература (англо-язычная литература)  |2 stltpush  |3 (RuTPU)RU\TPU\subj\28887  |9 52349 
610 1 |a художественная литература 
610 1 |a романы 
610 1 |a приключения 
675 |a 82  |v 4 
700 1 |a Купер  |b Дж. Ф.  |c американский писатель  |f 1789-1851  |g Джеймс Фенимор  |2 stltpush  |3 (RuTPU)RU\TPU\pers\20084  |9 7981 
702 1 |a Вольпина  |b Н.  |4 730 
801 1 |a RU  |b 63413507  |c 20200116 
801 2 |a RU  |b 63413507  |c 20200203  |g RCR 
942 |c BK